Online
Catalog
Normal view MARC view

Entry Nombre personal

Number of records used in: 1

001 - NÚMERO DE CONTROL

  • campo de control: 89208

003 - IDENTIFICADOR DEL NÚMERO DE CONTROL

  • campo de control: DO-SdBNP

005 - FECHA Y HORA DE LA ÚLTIMA TRANSACCIÓN

  • campo de control: 20260316101619.0

008 - DATOS DE LONGITUD FIJA

  • campo de control de longitud fija: 260316|| aca||aabn | a|a d

040 ## - FUENTE DE LA CATALOGACIÓN

  • Centro catalogador/agencia de origen: DO-SdBNP
  • Centro/agencia transcriptor: DO-SdBNP

100 ## - ENCABEZAMIENTO-NOMBRE DE PERSONA

  • Nombre de persona: Ovando, Nicolás de,
  • Fechas asociadas al nombre: aproximadamente 1460-1511
  • Subdivisión general: Viajes
  • Subdivisión geográfica: La Española

670 ## - FUENTE DE DATOS ENCONTRADOS

  • Cita de la fuente: Work cat.: (DO-SdBNP)44874: Mira Caballos, Esteban, autor aut. 73421, La gran armada colonizadora de Nicolás de Ovando :

Powered by Koha